• 首页
  • 本馆介绍
  • 公告通知
  • 最新文献
  • 馆藏检索
  • 电子资源
  • 读者导购
  • 参考咨询
  • 我的图书馆
  • 登录
  • 详细信息显示
  • 放入我的书架
  • 预约/预借图书
  • 作者相关作品
  • 分类相关作品
  • 丛书相关作品
  • 出版社相关作品

书目信息

  • 表格格式
  • 工作单格式
  • 卡片格式
题名:
日本美人画
    
 
作者:
分册: 第一辑  
出版信息: 天津   天津人民美术出版社  2006
页数: 58页
开本: 26cm
丛书名:
单 册:
中图分类: J232(313)
科图分类:
主题词: 日本画--人物画--日本--画册 , 日本画 , 人物画
电子资源:
ISBN: 7-5305-3232-4
000 00569nam0 2200217 450
001 1231795518
005 20121020085139.43
010    @a7-5305-3232-4@dCNY29.00
100    @a20060618d2006 em y0chiy50 ea
101 0  @achi
102    @aCN@b120000
105    @aa z 000yy
200 1  @a日本美人画@Ari ben mei ren hua@h第一辑
210    @a天津@c天津人民美术出版社@d2006
215    @a58页@d26cm
606 0  @a日本画@x人物画@y日本@j画册
606 0  @a日本画
606 0  @a人物画
690    @aJ232(313)@v4
801  0 @aCN@bNLC@c20101222
905    @a10447@dJ232(313)@eJY65
    
    日本美人画.第一辑.-天津:天津人民美术出版社,2006
    58页;26cm
    
    
    ISBN 7-5305-3232-4:CNY29.00
    
●
相关链接 在E读中查询图书 在五车中查询图书 在当当中查询图书 在豆瓣中查询图书


正题名:日本美人画     索取号:J232(313)/JY65         预约/预借

序号 登录号 条形码 馆藏地/架位号 状态 备注
1 7832702   278327026   学院路分馆/ [索取号:J232(313)/JY65] 在馆    
2 7832703   278327035   学院路分馆/ [索取号:J232(313)/JY65] 在馆    
唐山师范学院图书馆 欢迎您!
大连网信软件有限公司© 版权所有